[Európska komisia]
Z obsahu: Únia nemá plnohodnotnú Európsku komisiu. Nezhody pri navrhovaní komisárov. Lisabonské ciele nebudú splnené, zostávajú však v platnosti. Únia nešetrila sebakritikou, náprava však bude ťažšia. Nový tím Európskej komisie sa rodí ťažko. D. Hűbnerová: Skresávať rozpočet EÚ na úkor regionálnej p...
Na minha lista:
| Autor principal: | |
|---|---|
| Formato: | Capítulo de Livro |
| Idioma: | eslovaco |
| Assuntos: | |
| Tags: |
Sem tags, seja o primeiro a adicionar uma tag!
|
MARC
| LEADER | 00000naa$a2200000$$$4500 | ||
|---|---|---|---|
| 001 | 0022261 | ||
| 005 | 20231009075615.9 | ||
| 041 | 0 | |a slo | |
| 044 | |a SK | ||
| 245 | 1 | 0 | |a [Európska komisia] |c Roman Schönwiesner |
| 520 | |a Z obsahu: Únia nemá plnohodnotnú Európsku komisiu. Nezhody pri navrhovaní komisárov. Lisabonské ciele nebudú splnené, zostávajú však v platnosti. Únia nešetrila sebakritikou, náprava však bude ťažšia. Nový tím Európskej komisie sa rodí ťažko. D. Hűbnerová: Skresávať rozpočet EÚ na úkor regionálnej politiky by bola veľká chyba. | ||
| 610 | 2 | 0 | |a integrácia ekonomická medzinárodná |
| 610 | 2 | 0 | |a Európska únia |
| 610 | 2 | 0 | |a rozpočet spoločný |
| 610 | 2 | 0 | |a politika regionálna |
| 610 | 2 | 0 | |a Európska komisia |
| 100 | 1 | |a Schönwiesner, Roman | |